|
|
|
|
| LEADER |
00000nab a2200000 a 4500 |
| 001 |
vtls000380935 |
| 003 |
SK-MaSNL |
| 005 |
20260303002747.0 |
| 008 |
160215c1990 xo 0 slo |
| 015 |
|
|
|a SNBRB19rr/mm-uuuuu
|
| 035 |
|
|
|a CL0381057
|
| 040 |
|
|
|a SNKBUCL
|b slo
|c SNKBUCL
|e AACR2
|
| 041 |
0 |
|
|a slo
|
| 044 |
|
|
|a xo
|c SK
|
| 080 |
|
|
|a 328.1 (437.6)
|2 1981
|
| 080 |
|
|
|a 82-2
|2 1981
|
| 080 |
|
|
|a 929 Snopko, Ladislav
|2 1981
|
| 100 |
1 |
|
|a Snopko, Ladislav
|4 aut
|9 286287
|
| 245 |
1 |
0 |
|a Z texasiek do obleku
|c Ladislav Snopko, Iveta Pospíšilová
|
| 300 |
|
|
|b Obr. 1.
|
| 600 |
1 |
7 |
|a Snopko, Ladislav,
|d 1949-
|2 snkbucl
|9 104749
|
| 655 |
|
7 |
|a články z novín a časopisov
|2 snkbucl
|9 267496
|
| 700 |
1 |
|
|a Pospíšilová, Iveta
|4 aut
|9 657443
|
| 773 |
0 |
|
|t Mladé rozlety
|g Roč. 4, č. 18 (1990), s. 6-7
|
| 850 |
|
|
|a Slovenská národná knižnica v Martine
|a MTA001
|
| 852 |
|
|
|a SNK
|b KIS3GCP
|
| 958 |
|
|
|a BX
|
| 958 |
|
|
|a RK
|
| 992 |
|
|
|a RBX
|
| 999 |
|
|
|c 1569637
|d 1571567
|